Raccoon and lizard take a hike / (Record no. 5183)

MARC details
000 -LEADER
fixed length control field 00981nam a22003017a 4500
001 - CONTROL NUMBER
control field 5183
003 - CONTROL NUMBER IDENTIFIER
control field FISKH
005 - DATE AND TIME OF LATEST TRANSACTION
control field 20241118113505.0
008 - FIXED-LENGTH DATA ELEMENTS--GENERAL INFORMATION
fixed length control field 241118b cb ||||| |||| 00| 0 eng d
020 ## - INTERNATIONAL STANDARD BOOK NUMBER
International Standard Book Number 9780395740552
040 ## - CATALOGING SOURCE
Original cataloging agency FISKH
Language of cataloging eng
Transcribing agency FISKH
Modifying agency FISKH
050 ## - LIBRARY OF CONGRESS CALL NUMBER
Classification number PZ7.R56564
082 ## - DEWEY DECIMAL CLASSIFICATION NUMBER
Classification number 335
100 ## - MAIN ENTRY--PERSONAL NAME
Personal name Robinson, Fay
Dates associated with a name (1943-)
245 ## - TITLE STATEMENT
Title Raccoon and lizard take a hike /
Statement of responsibility, etc. by Fay Robinson illustrated by Fahima Amiri
250 ## - EDITION STATEMENT
Edition statement 1996
260 ## - PUBLICATION, DISTRIBUTION, ETC.
Place of publication, distribution, etc. Boston :
Name of publisher, distributor, etc. Watch me Read,
Date of publication, distribution, etc. 1996.
300 ## - PHYSICAL DESCRIPTION
Extent 16 pages :
Other physical details Color illustrations ;
Dimensions 23 cm
505 ## - FORMATTED CONTENTS NOTE
Formatted contents note G<br/>
520 ## - SUMMARY, ETC.
Summary, etc. One day Raccoon asked lizard for a hike and at the end of a day when they came back to their house lizard got an experience about the new thing but not for the raccoon.
521 8# - TARGET AUDIENCE NOTE
Target audience note 380L<br/>
Source Lexile<br/>
521 8# - TARGET AUDIENCE NOTE
Target audience note G<br/>
Source Raz-Plus<br/>
650 ## - SUBJECT ADDED ENTRY--TOPICAL TERM
Source of heading or term Animals
Topical term or geographic name entry element Adventure
650 ## - SUBJECT ADDED ENTRY--TOPICAL TERM
Source of heading or term Friendship
Topical term or geographic name entry element Raccoons
700 ## - ADDED ENTRY--PERSONAL NAME
Personal name Amiri, Fahima
Dates associated with a name Illustrator
942 ## - ADDED ENTRY ELEMENTS (KOHA)
Source of classification or shelving scheme Dewey Decimal Classification
Koha item type Books
Suppress in OPAC No
Holdings
Withdrawn status Lost status Source of classification or shelving scheme Damaged status Not for loan Collection Home library Current library Shelving location Date acquired Total Checkouts Full call number Barcode Date last seen Copy number Price effective from Koha item type
    Dewey Decimal Classification     Fiction Footprints International School Library Network Toul Kork Campus Footprints International School Library Network Toul Kork Campus TK Primary Library Room(4th Floor), Bookcase 1&2, Shelves 1-16, Dark Blue Books 11/18/2024   ROB 335 PZ7.R56564 2024-2319 11/18/2024 1 11/18/2024 Books